The Polish Irishman : the life and times of Count Casimir Markievicz /

Bibliographic Details
Main Author: Quigley, Patrick, 1953-
Format: Book
Language:English
Published: Raheny, Dublin : Liffey Press, [2012]
Subjects:

MARC

Tag First Indicator Second Indicator Subfields
LEADER 00000cam a2200000Ia 4500
001 in00003078721
005 20151204113036.0
008 121025s2012 ie a b 001 0beng d
010 |a  2012494595 
015 |a GBB2B0454  |2 bnb 
016 7 |a 016200443  |2 Uk 
020 |a 9781908308238 (pbk.) 
020 |a 1908308230 (pbk.) 
035 |a (OCoLC)ocn816169371 
040 |a UKMGB  |b eng  |c UKMGB  |d OCLCO  |d BTCTA  |d OCLCO  |d EMU  |d DLC  |d YDXCP  |d BWX  |d UtOrBLW 
049 |a TXAM 
082 0 4 |a 792.0233092  |2 23 
090 |a PN2601  |b .Q5 2012 
100 1 |a Quigley, Patrick,  |d 1953- 
245 1 4 |a The Polish Irishman :  |b the life and times of Count Casimir Markievicz /  |c Patrick Quigley. 
264 1 |a Raheny, Dublin :  |b Liffey Press,  |c [2012] 
264 4 |c ©2012 
300 |a ix, 262 pages, 16 unnumbered pages of plates :  |b illustrations (some color) ;  |c 24 cm. 
336 |a text  |b txt  |2 rdacontent 
337 |a unmediated  |b n  |2 rdamedia 
338 |a volume  |b nc  |2 rdacarrier 
504 |a Includes bibliographical references and index. 
600 1 0 |a Markievicz, Casimir,  |d 1874-1932. 
600 1 0 |a Markievicz, Constance de,  |d 1868-1927. 
650 0 |a Theatrical producers and directors  |z Ireland  |v Biography. 
650 0 |a Artists  |z Ireland  |v Biography. 
650 0 |a Nobility  |z Poland  |v Biography. 
948 |a cataloged  |b h  |c 2013/4/12  |d c  |e ceaton  |f 9:55:22 am 
994 |a C0  |b TXA 
999 |a MARS 
999 f f |s 82b364dd-ff14-3b39-a520-013770c50609  |i b578eb4d-f198-3c41-8cd7-10e61b21e468  |t 0 
952 f f |p normal  |a Texas A&M University  |b College Station  |c Sterling C. Evans Library  |d Evans: Library Stacks  |t 0  |e PN2601 .Q5 2012  |h Library of Congress classification  |i unmediated -- volume  |m A14841820344 
998 f f |a PN2601 .Q5 2012  |t 0  |l Evans: Library Stacks